000 00251nam a2200109Ia 4500
008 190216s9999||||xx |||||||||||||| ||und||
100 _aGupta
245 0 _aHistory Of Modern India
260 _bSterling Publications
650 _aHistory
942 _cBK
999 _c19754
_d19754